MARC

LEADER 00000nam1a2200000 4500
001 301324
005 20231102001406.0
020 |a RU  |b 83-31271 
035 |a (RuTPU)RU\TPU\book\326496 
090 |a 301324 
100 |a 20150729d1982 k y0rusy5003 ca 
101 0 |a rus 
200 1 |a Термодинамика и строение растворов  |e межвузовский сборник научных трудов  |f Ивановский химико-технологический институт ; под ред. Г. А. Крестова 
210 |a Иваново  |c Изд-во ИХТИ  |d 1982 
215 |a 96 с.  |c ил. 
606 1 |a Растворы  |x Термодинамика  |2 stltpush  |3 (RuTPU)RU\TPU\subj\23888  |9 48390 
610 1 |a строение 
610 1 |a сольватация 
610 1 |a переноса явления 
610 1 |a электролиты 
610 1 |a водные растворы 
610 1 |a гидратация 
610 1 |a гидрооксид натрия 
610 1 |a ионные равновесия 
675 |a 544.35.03  |z rus  |v 3 
702 1 |a Крестов  |b Г. А.  |g Геннадий Алексеевич  |4 340 
712 0 2 |a Ивановский химико-технологический институт  |2 stltpush  |3 (RuTPU)RU\TPU\col\7666  |9 24360 
801 0 |a RU  |b RuMRKP  |c 19950704  |g psbo 
801 1 |a RU  |b 63413507  |c 20150729 
801 2 |a RU  |b 63413507  |c 20190621  |g RCR 
942 |c BK